00452nam a2200181 a 450000100060000000300090000600800410001504000280005608200160008410000190010024500210011926000260014030000100016649000230017665000200019965000270021965000240024612311CO-ViMGA141112s2004 ck r 000 u spa d aCO-ViMGAbspacCO-ViMGA04a843.91 D78r1 aDruon, Maurice10aEl Rey de Hierro aParis : bNef, c1956 a289p. aLos reyes malditos14aNOVELA FRANCESA14aPHILIPPE IV EL HERMOSO14aREY DE FRANCIA 1268